000 00457 a2200157 4500
001 75859
020 _a9788541818841
040 _cAnchieta - Colégio São Paulo
100 _aSilva, Elizabeth Gavioli de Oliveira
240 1 0 _aAprender juntos Língua portuguesa, 3º ano : ensino fundamental
_lpor
245 1 0 _aAprender juntos Língua portuguesa, 3º ano : ensino fundamental
300 _a296
362 0 _a2017
650 4 _aPortuguês
942 _cBK
999 _c75859
_d75859